Household buffaloes kompong seila district kohkong province, ការចិញ្ចឹមក្របីជាលក្ខណៈគ្រួសារនៅស្រុកកំពង់សីលា ខេត្តកោះកុង (Record no. 2187)
[ view plain ]
| 000 -LEADER | |
|---|---|
| fixed length control field | 00591nam a22001577a 4500 |
| 003 - CONTROL NUMBER IDENTIFIER | |
| control field | OSt |
| 005 - DATE AND TIME OF LATEST TRANSACTION | |
| control field | 20151007164716.0 |
| 008 - FIXED-LENGTH DATA ELEMENTS--GENERAL INFORMATION | |
| fixed length control field | 151007b xxu||||| |||| 00| 0 eng d |
| 040 ## - CATALOGING SOURCE | |
| Transcribing agency | RUA |
| 082 ## - DEWEY DECIMAL CLASSIFICATION NUMBER | |
| Classification number | AVM ON 2008 B081 Or.1 |
| 100 ## - MAIN ENTRY--PERSONAL NAME | |
| 9 (RLIN) | 2321 |
| Personal name | ON, BOVERSA. |
| 245 ## - TITLE STATEMENT | |
| Title | Household buffaloes kompong seila district kohkong province, ការចិញ្ចឹមក្របីជាលក្ខណៈគ្រួសារនៅស្រុកកំពង់សីលា ខេត្តកោះកុង |
| 260 ## - PUBLICATION, DISTRIBUTION, ETC. (IMPRINT) | |
| Place of publication, distribution, etc. | Phnom Penh |
| Name of publisher, distributor, etc. | RUA |
| Date of publication, distribution, etc. | 2008 |
| 300 ## - PHYSICAL DESCRIPTION | |
| Extent | 50p. |
| Other physical details | ill. |
| Dimensions | 29cm. |
| 942 ## - ADDED ENTRY ELEMENTS (KOHA) | |
| Source of classification or shelving scheme | |
| Koha item type | AVM |
| Price effective from | Date last seen | Permanent Location | Not for loan | Date acquired | Source of classification or shelving scheme | Koha item type | Lost status | Withdrawn status | Date last checked out | Total Checkouts | Shelving location | Damaged status | Barcode | Current Location | Full call number |
|---|---|---|---|---|---|---|---|---|---|---|---|---|---|---|---|
| 2015-10-07 | 2015-10-07 | Library Block B | 2015-10-07 | AVM | B081 | RUA007755 | Library Block B | AVM ON 2008 B081 Or.1 | |||||||
| 2015-10-07 | 2015-10-07 | Library Block B | 2015-10-07 | AVM | B081 | RUA008616 | Library Block B | AVM ON 2008 B081 Or.2 | |||||||
| 2015-10-07 | 2024-05-17 | Library Block B | 2015-10-07 | AVM | 2024-04-24 | 1 | B081 | RUA007962 | Library Block B | AVM ON 2008 B081 Or.3 | |||||
| 2015-10-07 | 2015-10-07 | Library Block B | 2015-10-07 | AVM | B081 | RUA008544 | Library Block B | AVM ON 2008 B081 Or.4 | |||||||
| 2015-10-07 | 2015-10-07 | Library Block B | 2015-10-07 | AVM | B081 | RUA007939 | Library Block B | AVM ON 2008 B081 Or.5 | |||||||
| 2015-10-09 | 2015-10-09 | Library Block B | 2015-10-09 | AVM | B081 | RUA025220 | Library Block B | AVM ON 2008 B081 Or.6 | |||||||
| 2015-10-09 | 2015-10-09 | Library Block B | 2015-10-09 | AVM | B081 | RUA025314 | Library Block B | AVM ON 2008 B081 Or.7 | |||||||
| 2015-10-09 | 2015-10-09 | Library Block B | 2015-10-09 | AVM | B081 | RUA025120 | Library Block B | AVM ON 2008 B081 Or.8 | |||||||
| 2015-10-09 | 2016-07-23 | Library Block B | 2015-10-09 | AVM | 2016-07-16 | 1 | B081 | RUA025339 | Library Block B | AVM ON 2008 B081 Or.9 | |||||
| 2016-08-14 | 2016-08-14 | Library Block B | 2016-08-14 | AVM | RUA017421 | Library Block B | AVM ON 2008 B081 Or.10 |